Normal view
MARC view
- Arellano, Shaira Mae P.
Entry Personal Name
001 - CONTROL NUMBER
- control field: 34974
003 - CONTROL NUMBER IDENTIFIER
- control field: OSt
005 - DATE AND TIME OF LATEST TRANSACTION
- control field: 20190124102343.0
008 - FIXED-LENGTH DATA ELEMENTS
- fixed length control field: 190124|| aca||aabn | a|a d
040 ## - CATALOGING SOURCE
- Original cataloging agency: OSt
- Transcribing agency: OSt
100 ## - HEADING--PERSONAL NAME
- Personal name: Arellano, Shaira Mae P.
670 ## - SOURCE DATA FOUND
- Source citation: Work cat.: (OSt): Arellano, Shaira Mae P., Perceptions of teachers in teaching mother tongue- based multingual education (MTB-MLE) /, November 2018.
